| 000 | 00915nam a22002657a 4500 | ||
|---|---|---|---|
| 001 | 44355 | ||
| 003 | UA-OsUOA | ||
| 005 | 20200531224928.0 | ||
| 007 | ta | ||
| 008 | 20070220b un ||||| |||| 00| 0 ukr d | ||
| 020 | _a966-8365-42-9 | ||
| 040 |
_aUA-OsUOA _bukr _cUA-OsUOA _dUA-OsUOA |
||
| 041 | _aukr | ||
| 080 | _a811.161.2:004(075.8) | ||
| 090 |
_a811.161.2:004(075.8) _bМ22 |
||
| 100 | _aМамрак А.В. | ||
| 245 |
_aУкраїнська ділова мова: комп'ютерна версія _bНавч. посібник |
||
| 260 |
_aК. _bЦентр навчальної літератури _c2004 |
||
| 300 | _a232 с. | ||
| 650 | 7 |
_a8 Мовознавство. Художня література. Літературознавство _2UDC |
|
| 700 | _aШаров О.І. | ||
| 942 |
_cBK _2udc |
||
| 955 | _a2 | ||
| 999 |
_c330479 _d330479 |
||